000 01008cam a2200313 a 4500
001 000014360
005 20260218080533.0
008 760818s1975 sp b 001 0 spa
040 _aDO-SdBNP
_bspa
_cOCoLC
_dDLC
_dBNPHU
082 _a335.411
_bT821t
100 1 _aTrías, Eugenio,
_d1942-
_920798
245 1 0 _aTeoría de las ideologías /
_cEugenio Trías.
250 _a2a ed.
260 _aBarcelona, España :
_bEdiciones Península,
_c1975.
300 _a153 p. ;
_c19 cm.
490 1 _aCiencias Humanas
_afilosofía
490 1 _aEdiciones de bolsillo,
_v2
504 _aIncluye referencias bibliográficas.
650 0 _aMarxismo
_95234
650 4 _aMarxismo
_xHistoria
_932424
650 4 _aEstructuralismo(filosofía)
_932425
650 0 _aFilosofía
_9813
650 0 _aIdeología
_99534
650 4 _aActitudes políticas
_96490
830 0 _aEdiciones de bolsillo ;
_v2
_932426
830 0 _aCiencias Humanas ;
_pfilosofía
_932427
910 _aCatalogación derivada
049 _aBNGR
999 _c13952
_d13952